| 000 | 00618nam a2200193Ia 4500 | ||
|---|---|---|---|
| 003 | IN-BaIIA | ||
| 008 | 211028s9999 xx 000 0 eng d | ||
| 020 | _a978-0-07-026463-2 | ||
| 040 | _cIIA Library | ||
| 080 |
_a535.8 _bSMI |
||
| 100 |
_aSmith, Warren J _933002 |
||
| 245 | 0 |
_aModern optical engineering _bthe design of optical systems _cWarren J Smith |
|
| 250 | _a4th ed. | ||
| 260 |
_aNew Delhi _bTata McGraw-Hill _c2008 |
||
| 300 | _axiii, 754p. | ||
| 650 | _aOptical engineering | ||
| 650 |
_aOptical instruments - design and construction _933003 |
||
| 942 | _cBK | ||
| 999 |
_c17478 _d17478 |
||